000 00618cam a2200253 4500
001 J64011
008 000000n2001 000 0 eng u
035 _a(Sirsi) u111957
041 _aeng
050 _a333.33
110 _aKnight Frank
_91530
245 _aCountry residential review - Bi-annual 1 2001
260 _aLondon
_bKnight Frank
_c2001
300 _a1 pt. ; 30cm.
350 _a0
650 _aCOUNTRY HOUSE MARKET
650 _aHOUSE PRICES
650 _aRESIDENTIAL MARKET
650 _aRURAL PROPERTY
650 _aCOTTAGES
650 _aFARMHOUSES
690 _aHOUSING
942 _n0
999 _c101322
_d101322